| 000 | 00983cam a22002773a 4500 | ||
|---|---|---|---|
| 001 | 10955 | ||
| 003 | PGUSA | ||
| 005 | 20140828083231.0 | ||
| 008 | 040201s2004||||xxu|||||s|||||000 | eng d | ||
| 040 |
_aPGUSA _beng |
||
| 042 | _adc | ||
| 050 | 4 | _aBT | |
| 100 | 1 |
_aSanday, W. _q(William), _d1843-1920 |
|
| 245 | 1 | 4 |
_aThe Gospels in the Second Century : _bAn Examination of the Critical Part of a Work Entitled 'Supernatural Religion' _h[electronic resource] / _cW. Sanday |
| 260 |
_bProject Gutenberg, _c2004 |
||
| 506 | _aPublic domain in the USA. | ||
| 516 | _aElectronic text | ||
| 653 | _aBible. Gospels -- Canon | ||
| 653 | _aCassels, Walter Richard, 1826-1907. Supernatural religion | ||
| 653 | _aBible. Gospels -- Evidences, authority, etc. | ||
| 653 | _aChurch history -- Primitive and early church, ca. 30-600 | ||
| 653 | _aRevelation -- Biblical teaching | ||
| 830 | 0 |
_aProject Gutenberg _v10955 |
|
| 856 | 4 | 0 | _uhttp://www.gutenberg.org/ebooks/10955 |
| 942 | _cEB | ||
| 999 |
_c240210 _d240210 |
||